Llwytho...

Advanced accountancy

Manylion Llyfryddiaeth
Prif Awduron: S.P.jain, K.L.narang
Fformat: Printed Book
Cyhoeddwyd: New delhi Kalyani publishers 1979
Pynciau:
LEADER 01123nam a22001937a 4500
082 |a 657  |b JAI/A 
100 |a S.P.jain  |9 169838 
100 |a K.L.narang   |9 169839 
245 |a Advanced accountancy  
260 |a New delhi   |b Kalyani publishers   |c 1979 
300 |a pv. 
650 |a Advanced accountancy   |9 169840 
942 |c GB 
999 |c 188181  |d 188177 
952 |0 0  |1 0  |4 0  |6 657_000000000000000_JAI_A  |7 0  |8 NFIC  |9 187862  |a SMBS  |b SMBS  |c FIC  |d 2015-07-15  |g 275.00  |l 0  |o 657 JAI/A  |p SMBSS237  |r 2015-07-15  |w 2015-07-15  |y BBK 
952 |0 0  |1 0  |4 0  |6 657_000000000000000_JAI_A  |7 0  |8 NFIC  |9 187863  |a SMBS  |b SMBS  |c GEN  |d 2015-07-15  |g 280.00  |l 0  |o 657 JAI/A  |p SMBSS238  |r 2015-07-15  |w 2019-10-16  |y BBK 
952 |0 0  |1 0  |4 0  |6 657_000000000000000_JAI_A  |7 0  |8 G  |9 187864  |a SMBS  |b SMBS  |c GEN  |d 2015-07-17  |g 125.00  |l 0  |o 657 JAI/A  |p SMBSG1063  |r 2015-07-17  |w 2015-07-17  |y BK 
952 |0 0  |1 0  |4 0  |6 657_000000000000000_JAI_A  |7 0  |8 G  |9 187865  |a SMBS  |b SMBS  |c GEN  |d 2015-07-17  |g 125.00  |l 0  |o 657 JAI/A  |p SMBSG1076  |r 2015-07-17  |w 2015-07-17  |y BK 
952 |0 0  |1 0  |4 0  |6 657_000000000000000_JAI_A  |7 0  |8 G  |9 187866  |a SMBS  |b SMBS  |c GEN  |d 2016-05-17  |g 125.00  |l 1  |o 657 JAI/A  |p SMBSG1064  |r 2019-09-19  |s 2019-08-30  |w 2016-05-17  |y BK